00928nam a2200169Ia 4500001001300000003001000013008004100023040002500064041000700089100002100096245007600117250001100193260002900204300001200233500047500245650003800720B6872-49336 IT-MiCISF161014s9999||||xx |||||||||||||| ||und|| aIT-MiCISFcIT-MiCISF ait aDonegà Daniele 0aL'intenzionalità erotica e l'azione del corpo in Maurice Merlau-Ponty a1a ed. a SienabCantagallic2011 app. 323 a / sessualità, corpo, erotismo, filosofia, affettività / Cosa ci rivela di noi stessi e del nostro destino la percezione erotica? Ecco la domanda che l'A., ha tentato di esplorare, confrontandosi con il noto fenomenologo francese Maurice Merleau-Ponty. La pertinenza di una tale domanda si fa più palese in una cultura pansessuale, che ha ridotto la percezione erotica al piacere che riporta, riducendo invece la portata antropologica che tale percezione comporta. a Sessualità / sessualitàe005